Estatísticas para Países mais próximos da Tanzânia

Clique aqui para jogar o quiz

Estatísticas Gerais

  • Esse quiz foi jogado 39 vezes
  • A pontuação média é 17 de 20

Estatísticas das Respostas

kmpaís% Correto
0Moçambique
91%
0Quênia
91%
0Rep Dem Congo
91%
425Somália
91%
0Zâmbia
91%
611Zimbábue
91%
649Etiópia
88%
0Ruanda
88%
1201Sudão
88%
810Angola
85%
770Madagáscar
82%
497Sudão do Sul
82%
0Uganda
82%
0Burundi
79%
327Comores
79%
0Malawi
79%
1207Botswana
76%
755República
Centro-Africana
74%
1201Namíbia
71%
640Seychelles
71%

Distribuição das Pontuações

Percentil de Números Respondidos

Porcentagem de Pessoas com Cada Pontuação

Sua Pontuação Histórica

Você não jogou esse quiz